000 004850000a22001810004500
001 004015
003 MACL
005 20150704160413.0
008 150704b xxu||||| |||| 00| 0 eng d
040 _aMACL
_cMACL
041 _aEnglish
100 _aDogra, Bharat
_9675
245 _aAnother Path Exists
_bOutlining An Alternative Society
_cBharat Dogra
260 _aNew Delhi
_c1998
_bChildren books trust,
350 _a180
650 _aPolitical Science
_988
942 _k303
_cBK
_2ddc
999 _c15907
_d15907